| 000 | 00587nam a22001457a 4500 | ||
|---|---|---|---|
| 020 | _a81-264-1226-7 | ||
| 082 |
_a894.812.3 _bBRO/D |
||
| 100 | _aBROWN, DAN | ||
| 245 | _aDAVINCHI CODE | ||
| 260 |
_aKOTTAYAM _bDC BOOKS _c2023 |
||
| 300 | _a470 | ||
| 520 | _aThe Da Vinci Code follows symbologist Robert Langdon and cryptologist Sophie Neveu after a murder in the Louvre Museum in Paris causes them to become involved in a battle between the Priory of Sion and Opus Dei over the possibility of Jesus Christ and Mary Magdalene having had a child together. | ||
| 650 | _aNOVEL | ||
| 942 | _cBK | ||
| 999 |
_c7194 _d7194 |
||